000 00367nam a22001577a 4500
003 SGT
020 _a978-8131248744
082 _a617.525
_bT20B
100 _a S. M. Balaji
245 _aTextbook of Oral & Maxillofacial Surgery
250 _a3RD
260 _aNEW DELHI
_bElsevier India
_c2020
300 _a1-1203
650 _aORAL SURGERY
942 _2ddc
_cBK
_072
999 _c20860
_d20860